| 000 | 00672nam a22001937a 4500 | ||
|---|---|---|---|
| 005 | 20171115123808.0 | ||
| 010 | _aENG-121407 | ||
| 020 |
_a9788172210670 _c250.00 |
||
| 035 | _aEN-104939 | ||
| 037 | _bDBAD/PUB | ||
| 082 | _a954.04 | ||
| 100 | _aShamsul Islam | ||
| 245 |
_aMuslims against partition : _cby Shasul Islam _brevisiting the legacy of Allah Bakhsh and other patroitic Muslim / |
||
| 260 |
_aNew Delhi _bPharos Media and Publishing _c2015 |
||
| 270 |
_aD-84 Abul Fazal Enclave-I,Jamia Nagar _bNew Delhi _e110025 |
||
| 300 |
_a216p. _c23cm(pbk) |
||
| 500 | _aIncludes bibliographical references and index | ||
| 942 |
_2ddc _cEN _h954.04 _mSHA |
||
| 999 |
_c147442 _d147442 |
||